书目信息 |
| 题名: |
保龄球技法
|
|
| 作者: | 叶曾保 , 林升满 编著 | |
| 分册: | ||
| 出版信息: | 北京 人民体育出版社 2002 |
|
| 页数: | 192 | |
| 开本: | 19cm | |
| 丛书名: | ||
| 单 册: | ||
| 中图分类: | G849.4 | |
| 科图分类: | ||
| 主题词: | 球类运动 | |
| 电子资源: | ||
| ISBN: | 7-5009-0757-5 | |
| 000 | 00572nam0 2200193 450 | |
| 001 | 0736480453 | |
| 005 | 20070817100800.46 | |
| 010 | @a7-5009-0757-5@d¥12.00 | |
| 100 | @a20070817d km y0chiy0120 ea | |
| 101 | 0 | @achi |
| 200 | 1 | @a保龄球技法@Abao ling qiu ji fa@f林升满,叶曾保编著@Flin sheng man,ye ceng bao bian zhu |
| 210 | @a北京@c人民体育出版社@d2002 | |
| 215 | @a192@d19cm | |
| 606 | 0 | @a球类运动 |
| 690 | @aG849.4@v3 | |
| 701 | 0 | @a叶曾保@Aye ceng bao@4编著 |
| 701 | 0 | @a林升满@Alin sheng man@4编著 |
| 801 | 0 | @aCN@bPFT@c20070817 |
| 905 | @a213230@dG849.4@et22@f1 | |
| 保龄球技法/林升满,叶曾保编著.-北京:人民体育出版社,2002 |
| 192;19cm |
| ISBN 7-5009-0757-5:¥12.00 |
| ● |
| 相关链接 |
|
|
|
|
正题名:保龄球技法
索取号:G849.4/t22
 
预约/预借
| 序号 | 登录号 | 条形码 | 馆藏地/架位号 | 状态 | 备注 |
| 1 | 6903474 | 269034742 | 密集书库-体育系/ [索取号:G849.4/t22] | 在馆 | |
| 2 | 6903475 | 269034751 | 密集书库-体育系/ [索取号:G849.4/t22] | 在馆 |